005110000a2200121000450024500810000065000200008165000310010165000430013204100130017570000180018810000290020677301540023510aSocio-economic considerations including issues of liability and compensation14aBiotecnología14aAspectos socioeconómicos14aOrganismos genéticamente modificados0 aInglés1 aAsfaw, Zemede1 aEgziabher, Tewolde B. G.1 tTransboundary Movement of Living Modified Organisms Resulting from Modern Biotechnology: issues and Opportunities for Policy Makers31185q1-11d1996